| 000 | 01071cam a22003257a 4500 | ||
|---|---|---|---|
| 001 | 15702023 | ||
| 003 | LC | ||
| 005 | 20160322151604.0 | ||
| 008 | 090416s2009 nyua j 000 1 eng | ||
| 010 |
_a 2009901207 _z 2009926900 |
||
| 020 | _a9781423122852 | ||
| 040 |
_aDLC _cDLC |
||
| 050 |
_aPZ 7 _b.B495 2009 |
||
| 082 |
_aFIC _bB35 2009 |
||
| 100 | 1 |
_aBergen, Lara, _d1955- _922289 |
|
| 245 | 1 | 2 |
_aA royal makeover / _cadapted by Lara Bergen. |
| 250 | _a1st ed. | ||
| 260 |
_aNew York : _bDisney Press, _c2009. |
||
| 300 |
_a31 p. : _bcol. ill. ; _c23 cm. |
||
| 500 | _a"Based on the teleplay by Annie DeYoung. Based on the story by David Morgasen and Annie DeYoung." | ||
| 650 |
_aFiction _9746 |
||
| 650 | _aPrincesses -- Juvenile fiction. | ||
| 650 | _aSchools -- Juvenile fiction. | ||
| 650 | _aFriendship -- Juvenile fiction. | ||
| 730 | 0 |
_aPrincess protection program (Motion picture) _922290 |
|
| 906 |
_a7 _bcbc _corignew _d4 _eepcn _f20 _gy-gencatlg |
||
| 942 |
_2lcc _cBK |
||
| 999 |
_c12453 _d12453 |
||